[Event "AUT_chT"]
[Site "2005/2006"]
[Date "2006.01.12"]
[Round "4"]
[White "Karner, Christoph"]
[Black "Gaertner, Guntram"]
[Result "1-0"]
[WhiteElo "2338"]
[BlackElo "2352"]
[PlyCount "53"]
[EventDate "2005.10.??"]
[EventType "team"]
[EventRounds "11"]
[EventCountry "AUT"]
[WhiteTeam "Holz Dohr - Semriach"]
[BlackTeam "Hohenems"]
[WhiteTeamCountry "AUT"]
[BlackTeamCountry "AUT"]

1. d4 d5 2. c4 c6 3. Nf3 Nf6 4. Nc3 a6 5. c5 Bf5 6. Bf4 Nbd7 7. e3 e6 8. Be2
Be7 9. Nd2 Bg6 10. g4 h5 11. g5 Ne4 12. Ncxe4 dxe4 13. Nc4 h4 14. Qb3 Ra7 15.
Rg1 Kf8 16. O-O-O Kg8 17. Kb1 Qc8 18. Bg4 Nf8 19. Ne5 Bd8 20. Qc2 Bf5 21. Bxf5
exf5 22. g6 fxg6 23. Nxg6 Nxg6 24. Qb3+ Kf8 25. Rxg6 Bf6 26. Rdg1 Qd8 27. Bd6+
1-0

[Event "AUT_chT"]
[Site "2005/2006"]
[Date "2006.01.12"]
[Round "4"]
[White "Polzin, Rainer"]
[Black "Shchekachev, Andrei"]
[Result "1-0"]
[WhiteElo "2494"]
[BlackElo "2570"]
[PlyCount "79"]
[EventDate "2005.10.??"]
[EventType "team"]
[EventRounds "11"]
[EventCountry "AUT"]
[WhiteTeam "Wulkaprodersdorf"]
[BlackTeam "Sparkasse Schwarzach"]
[WhiteTeamCountry "AUT"]
[BlackTeamCountry "AUT"]

1. e4 c5 2. Nf3 d6 3. d4 cxd4 4. Nxd4 Nf6 5. Nc3 a6 6. f4 e6 7. Be2 Be7 8. Be3
O-O 9. O-O Nc6 10. a4 Qc7 11. Kh1 Re8 12. Bf3 Bd7 13. Nb3 b6 14. g4 Bc8 15. g5
Nd7 16. Bg2 Bb7 17. Qd2 Na5 18. Nxa5 bxa5 19. Qf2 Bf8 20. Rad1 Rac8 21. Rd3 Qd8
22. Bd4 Rc4 23. Rh3 Be7 24. b3 Rc8 25. Nd1 Nf8 26. Ne3 Qc7 27. c4 f6 28. Qh4
Qd8 29. Ng4 e5 30. fxe5 dxe5 31. gxf6 exd4 32. Nh6+ gxh6 33. f7+ Kh8 34. Qxh6
Qd7 35. Rg3 Ne6 36. fxe8=Q+ Qxe8 37. Qxe6 Bh4 38. Qxe8+ Rxe8 39. Rh3 Bd8 40.
Rf7 1-0

[Event "AUT_chT"]
[Site "2005/2006"]
[Date "2006.01.12"]
[Round "4"]
[White "Zelcic, Robert"]
[Black "Sprenger, Jan Michael"]
[Result "0-1"]
[WhiteElo "2514"]
[BlackElo "2505"]
[PlyCount "168"]
[EventDate "2005.10.??"]
[EventType "team"]
[EventRounds "11"]
[EventCountry "AUT"]
[WhiteTeam "Sparkasse Schwarzach"]
[BlackTeam "Wulkaprodersdorf"]
[WhiteTeamCountry "AUT"]
[BlackTeamCountry "AUT"]

1. e4 c5 2. Nf3 d6 3. d4 cxd4 4. Nxd4 Nf6 5. Nc3 a6 6. a4 e5 7. Nf3 Be7 8. Bg5
Be6 9. Bxf6 Bxf6 10. Nd5 Nd7 11. Bc4 Nb6 12. Nxf6+ Qxf6 13. Bxe6 Qxe6 14. O-O
Rd8 15. a5 Nc8 16. Qd2 O-O 17. Qb4 Rd7 18. Ra3 Ne7 19. Re1 Rc8 20. Rc3 Rxc3 21.
Qxc3 Nc6 22. h3 f6 23. b4 d5 24. Qb3 Kf7 25. b5 axb5 26. Qxb5 dxe4 27. Rxe4 Qd5
28. Qxd5+ Rxd5 29. Rc4 Rxa5 30. Nd2 Rd5 31. Nb3 Rd1+ 32. Kh2 Ke7 33. f4 exf4
34. Rxf4 Kd6 35. Ra4 Kd5 36. Ra8 Re1 37. Rc8 Re7 38. Nc1 Na7 39. Rc3 Nb5 40.
Rd3+ Kc4 41. Nb3 Kb4 42. Nd2 Rc7 43. Rb3+ Ka4 44. Rb2 Nc3 45. Rb6 Nd5 46. Rb2
b5 47. Ra2+ Kb4 48. Rb2+ Ka4 49. Ra2+ Kb4 50. Rb2+ Ka5 51. Nb3+ Kb6 52. Nd4 b4
53. Ne6 Rc4 54. Nxg7 Kc5 55. Ra2 Ne3 56. Ne6+ Kd6 57. Ra6+ Rc6 58. Ra8 Kxe6 59.
Re8+ Kd5 60. Rxe3 Rxc2 61. Re7 h5 62. Rh7 b3 63. Rxh5+ Kc4 64. Rh8 b2 65. Rb8
Kc3 66. Rc8+ Kd2 67. Rb8 Kc3 68. Rc8+ Kd2 69. Rb8 Kc1 70. h4 b1=Q 71. Rxb1+
Kxb1 72. Kh3 Rc4 73. h5 f5 74. g3 Kc2 75. Kg2 Kd2 76. Kf3 Ke1 77. h6 Rc6 78.
Kf4 Rxh6 79. Kxf5 Rh8 80. g4 Rf8+ 81. Ke5 Rg8 82. Kf5 Kf2 83. g5 Kg3 84. g6 Kh4
0-1

[Event "AUT_chT"]
[Site "2005/2006"]
[Date "2006.01.12"]
[Round "4"]
[White "Likavsky, Tomas"]
[Black "Lendwai, Reinhard"]
[Result "1-0"]
[WhiteElo "2493"]
[BlackElo "2427"]
[PlyCount "129"]
[EventDate "2005.10.??"]
[EventType "team"]
[EventRounds "11"]
[EventCountry "AUT"]
[WhiteTeam "Wulkaprodersdorf"]
[BlackTeam "Sparkasse Schwarzach"]
[WhiteTeamCountry "AUT"]
[BlackTeamCountry "AUT"]

1. d4 d5 2. c4 c6 3. Nf3 Nf6 4. e3 a6 5. Bd3 Bg4 6. Nbd2 Nbd7 7. Qc2 e6 8. b3
Bd6 9. Bb2 Qb8 10. h3 Bh5 11. Nh4 a5 12. a3 Bg3 13. Nhf3 Bc7 14. O-O O-O 15.
Ng5 Bg6 16. Bxg6 hxg6 17. f4 Nh7 18. Ngf3 f5 19. g4 Ndf6 20. Ne5 Bxe5 21. dxe5
Ne4 22. Nxe4 fxe4 23. cxd5 cxd5 24. a4 Rf7 25. Rac1 Qd8 26. Bd4 Qd7 27. h4 Qd8
28. g5 Rd7 29. Rf2 Nf8 30. Qc5 Qe8 31. Rfc2 Qf7 32. Kg2 Kh7 33. Qb5 Qe7 34. Rc8
Qa3 35. R8c5 Rf7 36. Ra1 Qb4 37. Qxb4 axb4 38. Rac1 Nd7 39. Rb5 Ra6 40. Rxb4
Nb8 41. Rb6 Rxb6 42. Bxb6 Nc6 43. Kg3 Rf8 44. a5 Ra8 45. Rc5 d4 46. exd4 Nxd4
47. b4 Ne2+ 48. Kf2 Nxf4 49. Ke3 Nd5+ 50. Kxe4 Nxb4 51. Rc7 Kg8 52. Kd4 Rd8+
53. Kc4 Nd3 54. Bd4 Nf4 55. Rxb7 Ne2 56. Bc5 Rd1 57. a6 Rc1+ 58. Kb4 Nf4 59.
Kb5 Nd5 60. a7 Ra1 61. Rb8+ Kh7 62. Kc6 Ra6+ 63. Kb7 Ra5 64. a8=Q Rb5+ 65. Kc6
1-0

[Event "AUT_chT"]
[Site "2005/2006"]
[Date "2006.01.12"]
[Round "4"]
[White "Danner, Georg"]
[Black "Volkmann, Friedrich Karl"]
[Result "1/2-1/2"]
[WhiteElo "2402"]
[BlackElo "2421"]
[PlyCount "25"]
[EventDate "2005.10.??"]
[EventType "team"]
[EventRounds "11"]
[EventCountry "AUT"]
[WhiteTeam "Sparkasse Schwarzach"]
[BlackTeam "Wulkaprodersdorf"]
[WhiteTeamCountry "AUT"]
[BlackTeamCountry "AUT"]

1. d4 d5 2. Nf3 Nc6 3. c4 Bg4 4. cxd5 Bxf3 5. gxf3 Qxd5 6. e3 e5 7. Nc3 Bb4 8.
Bd2 Bxc3 9. bxc3 Nf6 10. Rb1 O-O 11. c4 Qd7 12. d5 Nd8 13. h4 1/2-1/2

[Event "AUT_chT"]
[Site "2005/2006"]
[Date "2006.01.12"]
[Round "4"]
[White "Sommerbauer, Norbert"]
[Black "Krstic, Uros"]
[Result "1-0"]
[WhiteElo "2452"]
[BlackElo "2334"]
[PlyCount "80"]
[EventDate "2005.10.??"]
[EventType "team"]
[EventRounds "11"]
[EventCountry "AUT"]
[WhiteTeam "Wulkaprodersdorf"]
[BlackTeam "Sparkasse Schwarzach"]
[WhiteTeamCountry "AUT"]
[BlackTeamCountry "AUT"]

1. e4 e5 2. Nf3 Nc6 3. Nc3 Nf6 4. d4 exd4 5. Nxd4 Bc5 6. Nxc6 bxc6 7. Bd3 d6 8.
Bg5 h6 9. Bh4 Rb8 10. O-O Kf8 11. Na4 Bb6 12. Nxb6 Rxb6 13. f4 c5 14. Bc4 Qe8
15. e5 Bg4 16. Qd3 dxe5 17. fxe5 Qxe5 18. Qd8+ Qe8 19. Qxc7 Qe7 20. Bg3 Qxc7
21. Bxc7 Rc6 22. Bd8 Ke8 23. Bb5 Kxd8 24. Bxc6 Kc7 25. Bf3 Be6 26. b3 Rb8 27.
Rad1 Rb6 28. c4 a5 29. Rfe1 Ra6 30. Re5 Nd7 31. Re3 Nf6 32. Red3 a4 33. h3 axb3
34. axb3 Ra3 35. Kf2 Ra2+ 36. R1d2 Ra1 37. Re3 Ra3 38. Ke2 Ra1 39. Re5 Nd7 40.
Rxd7+ Bxd7 1-0

[Event "AUT_chT"]
[Site "2005/2006"]
[Date "2006.01.12"]
[Round "4"]
[White "Ljubic, Juro"]
[Black "Schweda, Roland"]
[Result "0-1"]
[WhiteElo "2202"]
[BlackElo "2416"]
[PlyCount "64"]
[EventDate "2005.10.??"]
[EventType "team"]
[EventRounds "11"]
[EventCountry "AUT"]
[WhiteTeam "Sparkasse Schwarzach"]
[BlackTeam "Wulkaprodersdorf"]
[WhiteTeamCountry "AUT"]
[BlackTeamCountry "AUT"]

1. e4 c5 2. Nf3 a6 3. d4 cxd4 4. Nxd4 Nf6 5. Nc3 e5 6. Nf5 d5 7. Ng3 Bb4 8. Bd2
d4 9. Nb1 Qb6 10. Bd3 Bxd2+ 11. Nxd2 Qxb2 12. Rb1 Qc3 13. O-O Qc7 14. f4 Nc6
15. Nh5 Nxh5 16. Qxh5 exf4 17. e5 Be6 18. Nc4 Bxc4 19. Bxc4 g6 20. Qg5 O-O 21.
Qxf4 b5 22. Bd5 Rad8 23. Be4 Nxe5 24. a4 Qc5 25. axb5 axb5 26. Kh1 d3 27. cxd3
Nxd3 28. Bxd3 Rxd3 29. Rfc1 Qd5 30. h4 Re8 31. Rb4 Re2 32. Rg1 Rh3+ 0-1

[Event "AUT_chT"]
[Site "2005/2006"]
[Date "2006.01.12"]
[Round "4"]
[White "Voloshin, Leonid"]
[Black "Pavasovic, Dusko"]
[Result "1/2-1/2"]
[WhiteElo "2466"]
[BlackElo "2535"]
[PlyCount "72"]
[EventDate "2005.10.??"]
[EventType "team"]
[EventRounds "11"]
[EventCountry "AUT"]
[WhiteTeam "Sparkasse Goetzis"]
[BlackTeam "Maria Saal"]
[WhiteTeamCountry "AUT"]
[BlackTeamCountry "AUT"]

1. e4 e5 2. Nf3 Nc6 3. Bb5 a6 4. Bxc6 dxc6 5. Nc3 Qf6 6. d4 exd4 7. Qxd4 Qxd4
8. Nxd4 Bd7 9. Bf4 O-O-O 10. O-O-O Bb4 11. Nce2 Ne7 12. c3 Bc5 13. Be3 Ng6 14.
Ng3 Rde8 15. f3 h5 16. h3 Bf8 17. Rhe1 c5 18. Nde2 Bd6 19. Bf2 b6 20. Nf1 Nf4
21. Nxf4 Bxf4+ 22. Be3 Bd6 23. Bf2 Bf4+ 24. Be3 Bd6 25. Bf2 g5 26. Bg3 Bf4+ 27.
Bxf4 gxf4 28. Nd2 Rhg8 29. Re2 Rg5 30. h4 Rg6 31. Rf1 Bb5 32. c4 Bc6 33. Nb1 f5
34. e5 b5 35. Nc3 bxc4 36. Rd1 Rd8 1/2-1/2

[Event "AUT_chT"]
[Site "2005/2006"]
[Date "2006.01.12"]
[Round "4"]
[White "Eisenbeiser, Amadeus"]
[Black "Tratar, Marko"]
[Result "1/2-1/2"]
[WhiteElo "2373"]
[BlackElo "2466"]
[PlyCount "90"]
[EventDate "2005.10.??"]
[EventType "team"]
[EventRounds "11"]
[EventCountry "AUT"]
[WhiteTeam "Sparkasse Goetzis"]
[BlackTeam "Maria Saal"]
[WhiteTeamCountry "AUT"]
[BlackTeamCountry "AUT"]

1. e4 c5 2. c4 Nc6 3. Ne2 g6 4. d4 Bg7 5. d5 Na5 6. Nec3 d6 7. Bd3 Nf6 8. O-O
O-O 9. h3 e5 10. Bg5 Bd7 11. Nd2 b6 12. Re1 h6 13. Bh4 Qe8 14. g4 h5 15. f3 Nh7
16. Kh1 Bh6 17. Qe2 Bg5 18. Bxg5 Nxg5 19. Kg2 hxg4 20. fxg4 Qe7 21. Rf1 Kg7 22.
Nf3 Rh8 23. Nxg5 Qxg5 24. Rf3 Raf8 25. Qf2 f6 26. Rf1 Rf7 27. b3 Nb7 28. Ne2
Qh4 29. Qxh4 Rxh4 30. Bc2 Rh8 31. Nc3 Rb8 32. a4 a6 33. Kg3 g5 34. Nd1 Rh8 35.
Ne3 Nd8 36. Ng2 Rh6 37. Ne3 Rf8 38. Kg2 Nf7 39. Ra1 Nh8 40. Nf5+ Bxf5 41. gxf5
Nf7 42. a5 Rb8 43. axb6 Rxb6 44. Ra3 Rh4 45. Re3 Nd8 1/2-1/2

[Event "AUT_chT"]
[Site "2005/2006"]
[Date "2006.01.12"]
[Round "4"]
[White "Hoelzl, Franz"]
[Black "Hengl, Christian"]
[Result "1-0"]
[WhiteElo "2364"]
[BlackElo "2232"]
[PlyCount "141"]
[EventDate "2005.10.??"]
[EventType "team"]
[EventRounds "11"]
[EventCountry "AUT"]
[WhiteTeam "Maria Saal"]
[BlackTeam "Sparkasse Goetzis"]
[WhiteTeamCountry "AUT"]
[BlackTeamCountry "AUT"]

1. Nf3 d6 2. d4 f5 3. g3 Nf6 4. Bg2 g6 5. b4 Bg7 6. Bb2 O-O 7. O-O c6 8. c4 e5
9. dxe5 Ng4 10. c5 Nxe5 11. Qb3+ Kh8 12. b5 Nxf3+ 13. Bxf3 d5 14. Nd2 Nd7 15.
Rab1 Qe7 16. Rfc1 Ne5 17. bxc6 bxc6 18. Qa4 Qc7 19. Bc3 Be6 20. Bg2 Rab8 21.
Nb3 Nc4 22. Bxg7+ Kxg7 23. e3 Bd7 24. Bf1 Ne5 25. Qf4 h6 26. Be2 g5 27. Qd4 Kh7
28. f4 Ng6 29. Bd3 Rbe8 30. Rf1 g4 31. h3 gxh3 32. Kf2 Re4 33. Bxe4 fxe4 34.
Qd2 Ne5 35. Qa5 Qc8 36. Qxa7 Rf7 37. Nd4 Nd3+ 38. Kg1 Be8 39. Qb8 Qg4 40. Kh2
Rg7 41. f5 Bd7 42. f6 Rf7 43. Qd8 Qg8 44. Qxg8+ Kxg8 45. Rb8+ Kh7 46. a4 Ne5
47. Rb7 Kg6 48. Kh1 Ng4 49. a5 Nxe3 50. Re1 Ng4 51. a6 Rxf6 52. Rbb1 e3 53. Rf1
Nf2+ 54. Kg1 Rf8 55. a7 Ra8 56. Rb7 Bf5 57. g4 Be4 58. Kh2 Bg2 59. Ra1 Kg5 60.
Rg7+ Kf6 61. Rh7 Nxg4+ 62. Kg3 Kg6 63. Re7 h5 64. Re6+ Kg5 65. Nf3+ Bxf3 66.
Kxf3 h2 67. Kg2 d4 68. Rxc6 e2 69. Re6 Rxa7 70. Rxa7 Ne3+ 71. Rxe3 1-0

[Event "AUT_chT"]
[Site "2005/2006"]
[Date "2006.01.12"]
[Round "4"]
[White "Kranz, Armin"]
[Black "Kaspret, Guido"]
[Result "0-1"]
[WhiteElo "2182"]
[BlackElo "2295"]
[PlyCount "123"]
[EventDate "2005.10.??"]
[EventType "team"]
[EventRounds "11"]
[EventCountry "AUT"]
[WhiteTeam "Sparkasse Goetzis"]
[BlackTeam "Maria Saal"]
[WhiteTeamCountry "AUT"]
[BlackTeamCountry "AUT"]

1. d4 Nf6 2. c4 g6 3. Nf3 Bg7 4. Nc3 O-O 5. g3 d6 6. Bg2 c6 7. O-O Bf5 8. Ne1
Qc8 9. e4 Bh3 10. Nf3 Bxg2 11. Kxg2 Nbd7 12. h3 e5 13. d5 cxd5 14. cxd5 Qc4 15.
Nd2 Qa6 16. b4 Rfc8 17. Bb2 Qd3 18. Rc1 Bh6 19. Rc2 Rxc3 20. Bxc3 Rc8 21. Nb1
Qxe4+ 22. f3 Qc4 23. Rff2 Nxd5 24. Bd4 exd4 25. Rxc4 Ne3+ 26. Kh2 Rxc4 27. Qa4
Ne5 28. f4 Nd3 29. Re2 Nc1 30. Rxe3 dxe3 31. Qe8+ Bf8 32. Qxe3 Rc2+ 33. Kh1
Nxa2 34. Qb3 Re2 35. Nc3 Nxc3 36. Qxc3 b5 37. Qc6 Rb2 38. Qxb5 d5 39. Qxd5 Rxb4
40. Kg2 Ra4 41. f5 a5 42. f6 Ra1 43. g4 a4 44. g5 Rb1 45. Qa8 a3 46. Kg3 Rg1+
47. Kh4 Rf1 48. Kg3 Rf5 49. h4 h6 50. Kg4 h5+ 51. Kg3 Rb5 52. Qa4 Bd6+ 53. Kf3
Rf5+ 54. Ke3 Bf8 55. Qa8 Rf1 56. Qa4 Rg1 57. Qa8 Rg4 58. Kd3 Rxh4 59. Kc3 Rg4
60. Qd5 Ra4 61. Qd1 Ra5 62. Kd4 0-1

[Event "AUT_chT"]
[Site "2005/2006"]
[Date "2006.01.12"]
[Round "4"]
[White "Reschun, Sascha"]
[Black "Wallis, Anton"]
[Result "1/2-1/2"]
[WhiteElo "2234"]
[BlackElo "2165"]
[PlyCount "58"]
[EventDate "2005.10.??"]
[EventType "team"]
[EventRounds "11"]
[EventCountry "AUT"]
[WhiteTeam "Maria Saal"]
[BlackTeam "Sparkasse Goetzis"]
[WhiteTeamCountry "AUT"]
[BlackTeamCountry "AUT"]

1. e4 c5 2. Nf3 d6 3. d4 cxd4 4. Nxd4 Nf6 5. Nc3 a6 6. f4 e6 7. Qf3 Qc7 8. Bd3
b5 9. a3 Bb7 10. g4 Nc6 11. Nde2 Be7 12. g5 Nd7 13. b4 Nb6 14. Be3 Rd8 15. Bxb5
d5 16. Qf2 Nc8 17. exd5 axb5 18. dxc6 Qxc6 19. Rg1 Qc4 20. Bc5 O-O 21. Bxe7
Nxe7 22. Qc5 Qxc5 23. bxc5 Rc8 24. Rb1 Rxc5 25. Rxb5 Rc7 26. Rb6 Bf3 27. Nb5
Rc5 28. Nbd4 Bxe2 29. Kxe2 Nd5 1/2-1/2

[Event "AUT_chT"]
[Site "2005/2006"]
[Date "2006.01.12"]
[Round "4"]
[White "Gyimesi, Zoltan"]
[Black "Rotstein, Arkadij"]
[Result "1-0"]
[WhiteElo "2602"]
[BlackElo "2520"]
[PlyCount "119"]
[EventDate "2005.10.??"]
[EventType "team"]
[EventRounds "11"]
[EventCountry "AUT"]
[WhiteTeam "Union Ansfelden"]
[BlackTeam "Tschaturanga Neubau"]
[WhiteTeamCountry "AUT"]
[BlackTeamCountry "AUT"]

1. d4 Nf6 2. c4 e6 3. Nf3 d5 4. Nc3 Bb4 5. cxd5 exd5 6. Bg5 O-O 7. Rc1 c5 8.
dxc5 Nc6 9. e3 h6 10. Bxf6 Qxf6 11. Bb5 Qg6 12. O-O Bh3 13. Ne1 Rfd8 14. Bxc6
bxc6 15. Ne2 Bxe1 16. Nf4 Qf6 17. Rxe1 Bf5 18. Qd4 Qxd4 19. exd4 Rdb8 20. Re2
Rb4 21. Rd1 Rab8 22. b3 a5 23. f3 g5 24. Nh5 a4 25. g4 Be6 26. f4 gxf4 27. Nxf4
axb3 28. axb3 Bd7 29. h3 Kf8 30. Kg2 Rxb3 31. Nd3 Be8 32. Ne5 Rb2 33. Rxb2
Rxb2+ 34. Kg3 f6 35. Nd3 Rb3 36. Kh4 Bg6 37. Nf4 Be4 38. Rf1 Ke7 39. Kh5 Rb4
40. Ra1 Rxd4 41. Ra7+ Ke8 42. Kxh6 Rc4 43. Nh5 Bc2 44. Ng7+ Kd8 45. Ne6+ Kc8
46. Rc7+ Kb8 47. Rxc6 Be4 48. Rd6 Bg2 49. h4 Bh3 50. Rxd5 Bxg4 51. Nd4 Bh3 52.
h5 Bg2 53. Rd8+ Kb7 54. Ne6 Bh3 55. Rd6 f5 56. c6+ Ka7 57. Kg5 Rg4+ 58. Kf6 f4
59. c7 Rg8 60. Rd8 1-0

[Event "AUT_chT"]
[Site "2005/2006"]
[Date "2006.01.12"]
[Round "4"]
[White "Srienz, Christian"]
[Black "Ftacnik, Lubomir"]
[Result "0-1"]
[WhiteElo "2233"]
[BlackElo "2606"]
[PlyCount "79"]
[EventDate "2005.10.??"]
[EventType "team"]
[EventRounds "11"]
[EventCountry "AUT"]
[WhiteTeam "Tschaturanga Neubau"]
[BlackTeam "Union Ansfelden"]
[WhiteTeamCountry "AUT"]
[BlackTeamCountry "AUT"]

1. e4 c5 2. Nf3 d6 3. d4 cxd4 4. Nxd4 Nf6 5. Nc3 e6 6. Be2 Be7 7. O-O O-O 8. f4
a6 9. a4 Qc7 10. Be3 b6 11. Kh1 Bb7 12. Bd3 Nbd7 13. Bf2 Rfe8 14. Bg3 g6 15.
Qe2 Nh5 16. Be1 Bf6 17. Nb3 e5 18. f5 Nf4 19. Qg4 Bg7 20. Bd2 Nf6 21. Qh4 d5
22. Bxf4 exf4 23. exd5 Nxd5 24. Nxd5 Bxd5 25. f6 f3 26. Rxf3 Bxf3 27. fxg7 Be2
28. Bxe2 Rxe2 29. Nd4 Qe7 30. Qg3 Re3 31. Qf2 Re8 32. Nf3 Qf6 33. Rf1 Kxg7 34.
h3 Re2 35. Qd4 Qxd4 36. Nxd4 Rd2 37. Rf4 Re1+ 38. Kh2 Red1 39. Nc6 Rxc2 40. Ne5
0-1

[Event "AUT_chT"]
[Site "2005/2006"]
[Date "2006.01.12"]
[Round "4"]
[White "Babula, Vlastimil"]
[Black "Schwaninger, Wolfgang"]
[Result "1-0"]
[WhiteElo "2585"]
[BlackElo "2250"]
[PlyCount "61"]
[EventDate "2005.10.??"]
[EventType "team"]
[EventRounds "11"]
[EventCountry "AUT"]
[WhiteTeam "Union Ansfelden"]
[BlackTeam "Tschaturanga Neubau"]
[WhiteTeamCountry "AUT"]
[BlackTeamCountry "AUT"]

1. d4 d6 2. Nf3 g6 3. c4 c6 4. Nc3 Bg7 5. e4 Bg4 6. Be3 Nd7 7. Be2 a6 8. O-O
Qc7 9. b4 Ngf6 10. Nd2 Bxe2 11. Qxe2 e5 12. dxe5 dxe5 13. c5 Nh5 14. Nc4 O-O
15. g3 Rfb8 16. Na4 Rd8 17. Rad1 Nf8 18. Nd6 Ne6 19. Nb6 Rab8 20. f4 exf4 21.
gxf4 Qe7 22. f5 Ng5 23. Qg2 h6 24. Nbc4 b5 25. Na5 Qd7 26. e5 Bxe5 27. Nxc6
Nh3+ 28. Qxh3 Qxc6 29. fxg6 Ng7 30. gxf7+ Kf8 31. Qxh6 1-0

[Event "AUT_chT"]
[Site "2005/2006"]
[Date "2006.01.12"]
[Round "4"]
[White "Lenz, Alarich"]
[Black "Stanec, Nikolaus"]
[Result "1/2-1/2"]
[WhiteElo "2194"]
[BlackElo "2543"]
[PlyCount "58"]
[EventDate "2005.10.??"]
[EventType "team"]
[EventRounds "11"]
[EventCountry "AUT"]
[WhiteTeam "Tschaturanga Neubau"]
[BlackTeam "Union Ansfelden"]
[WhiteTeamCountry "AUT"]
[BlackTeamCountry "AUT"]

1. c4 Nf6 2. Nc3 g6 3. e4 d6 4. d4 Bg7 5. Be2 O-O 6. Bg5 Nbd7 7. Qd2 e5 8. d5
a5 9. h4 Nc5 10. f3 c6 11. Nh3 cxd5 12. cxd5 a4 13. Nf2 Bd7 14. g4 Qa5 15. h5
b5 16. Ncd1 Qb6 17. Bh6 Bc8 18. Bxg7 Kxg7 19. Ne3 Qa5 20. Qxa5 Rxa5 21. h6+ Kg8
22. Nd3 Nxd3+ 23. Bxd3 Nd7 24. Kd2 Nc5 25. Bc2 Ra7 26. b4 Na6 27. a3 Bd7 28.
Bd3 Rc7 29. Rac1 Rb8 1/2-1/2

[Event "AUT_chT"]
[Site "2005/2006"]
[Date "2006.01.12"]
[Round "4"]
[White "Weiss, Christian"]
[Black "Kleiser, Gregor"]
[Result "1-0"]
[WhiteElo "2437"]
[BlackElo "2263"]
[PlyCount "123"]
[EventDate "2005.10.??"]
[EventType "team"]
[EventRounds "11"]
[EventCountry "AUT"]
[WhiteTeam "Union Ansfelden"]
[BlackTeam "Tschaturanga Neubau"]
[WhiteTeamCountry "AUT"]
[BlackTeamCountry "AUT"]

1. d4 Nf6 2. g3 g6 3. Bg2 d5 4. Nf3 Bg7 5. c4 c6 6. O-O O-O 7. cxd5 cxd5 8. Nc3
b6 9. Bf4 Bb7 10. Rc1 Nc6 11. Ne5 Rc8 12. Qa4 a6 13. Nxc6 Rxc6 14. e3 Qd7 15.
Qb3 Rfc8 16. Rcd1 e6 17. Be5 Qd8 18. Rfe1 b5 19. a4 b4 20. Qxb4 Rb6 21. Qa3 Bf8
22. Bxf6 Qxf6 23. Qa1 Bb4 24. Rc1 a5 25. Red1 Ba6 26. Bf1 Rcb8 27. Bxa6 Rxa6
28. Nb5 h5 29. Qb1 h4 30. Qd3 Kg7 31. e4 hxg3 32. fxg3 dxe4 33. Qxe4 Qf5 34.
Qe5+ Qxe5 35. dxe5 Raa8 36. Nc7 Ra7 37. Rc4 Kg8 38. Nb5 Rab7 39. Kg2 Bf8 40.
Kf3 Kg7 41. Ke4 Be7 42. Rd3 Rh8 43. Rc2 g5 44. Kf3 Kg6 45. Kg4 Rd8 46. Rxd8
Bxd8 47. Rd2 Be7 48. b3 Bf8 49. Kf3 Kf5 50. Nd4+ Kxe5 51. Nc6+ Kf5 52. g4+ Kg6
53. Nxa5 Rb4 54. Rd3 Rf4+ 55. Kg3 Bb4 56. Nc4 Be1+ 57. Kh3 f5 58. Re3 fxg4+ 59.
Kg2 Bh4 60. Rxe6+ Kh5 61. Re2 Rd4 62. a5 1-0

[Event "AUT_chT"]
[Site "2005/2006"]
[Date "2006.01.12"]
[Round "4"]
[White "Kreindl, Helmut"]
[Black "Knoll, Hermann"]
[Result "0-1"]
[WhiteElo "2229"]
[BlackElo "2361"]
[PlyCount "146"]
[EventDate "2005.10.??"]
[EventType "team"]
[EventRounds "11"]
[EventCountry "AUT"]
[WhiteTeam "Tschaturanga Neubau"]
[BlackTeam "Union Ansfelden"]
[WhiteTeamCountry "AUT"]
[BlackTeamCountry "AUT"]

1. d4 Nf6 2. Nf3 e6 3. Bf4 b6 4. e3 Bb7 5. Bd3 Be7 6. h3 O-O 7. O-O Ne4 8. Nbd2
f5 9. c3 c5 10. Qc2 d5 11. Ne5 Nc6 12. Ndf3 c4 13. Be2 Rc8 14. Nxc6 Bxc6 15.
Ne5 Be8 16. f3 Nd6 17. b3 Bf6 18. Kh1 a5 19. Rg1 b5 20. a3 cxb3 21. Qxb3 Nc4
22. Bxc4 dxc4 23. Qc2 Bxe5 24. Bxe5 Bc6 25. Kh2 Rf7 26. Raf1 Qd7 27. g4 g6 28.
gxf5 exf5 29. Qf2 Qe7 30. Qg3 Bd5 31. Qf4 Rc6 32. Qh6 Re6 33. Rg2 Qf8 34. Qh4
Rd7 35. Qf4 Qa8 36. Qxf5 Rf7 37. Qg4 Re8 38. e4 Bxe4 39. fxe4 Rxf1 40. Qd7 Rf7
41. Qxb5 Rc8 42. Re2 Qa7 43. Bg3 Rf1 44. Qd5+ Qf7 45. Qxf7+ Kxf7 46. d5 Rd1 47.
Rf2+ Ke7 48. Bh4+ Kd6 49. Bg3+ Kc5 50. Re2 Re8 51. Bf2+ Kd6 52. Bd4 Rd3 53. a4
g5 54. Kg2 h5 55. Kh2 g4 56. hxg4 hxg4 57. Kg2 Re7 58. Re1 Rh3 59. Bf2 Rxc3 60.
Bg3+ Kc5 61. d6 Re6 62. e5 Rd3 63. Rb1 c3 64. Rb7 Rd2+ 65. Kf1 Kc4 66. Bf4 Rd4
67. Be3 Rdxd6 68. exd6 Rxe3 69. d7 Rd3 70. Ke2 Rd6 71. Ke3 g3 72. Kf3 c2 73.
Kxg3 Kc3 0-1

[Event "AUT_chT"]
[Site "2005/2006"]
[Date "2006.01.13"]
[Round "5"]
[White "Rotstein, Arkadij"]
[Black "Ruck, Robert"]
[Result "1/2-1/2"]
[WhiteElo "2520"]
[BlackElo "2540"]
[PlyCount "74"]
[EventDate "2005.10.??"]
[EventType "team"]
[EventRounds "11"]
[EventCountry "AUT"]
[WhiteTeam "Tschaturanga Neubau"]
[BlackTeam "Styria Graz - Kl.Zeitung"]
[WhiteTeamCountry "AUT"]
[BlackTeamCountry "AUT"]

1. Nf3 g6 2. e4 Bg7 3. d4 d6 4. c4 Bg4 5. Be2 Nc6 6. d5 Bxf3 7. Bxf3 Nd4 8. Nc3
c5 9. O-O Nf6 10. Rb1 O-O 11. b4 cxb4 12. Rxb4 Qa5 13. a3 Nd7 14. Bg4 Nc5 15.
Bb2 Na6 16. Rxb7 Rab8 17. Rxb8 Rxb8 18. Nb5 Nxb5 19. Bxg7 Kxg7 20. cxb5 Nc5 21.
Qd4+ f6 22. Be2 Qxa3 23. Ra1 Nb3 24. Qxf6+ Kxf6 25. Rxa3 Nd4 26. Bd3 Nxb5 27.
Rb3 a6 28. f4 Rc8 29. Bxb5 axb5 30. Rxb5 Rc4 31. e5+ dxe5 32. Rb6+ Kf7 33. fxe5
Rc5 34. e6+ Kf6 35. d6 exd6 36. Rxd6 Re5 37. Rd7 h5 1/2-1/2

[Event "AUT_chT"]
[Site "2005/2006"]
[Date "2006.01.13"]
[Round "5"]
[White "Schwaninger, Wolfgang"]
[Black "Shengelia, Davit"]
[Result "0-1"]
[WhiteElo "2250"]
[BlackElo "2562"]
[PlyCount "80"]
[EventDate "2005.10.??"]
[EventType "team"]
[EventRounds "11"]
[EventCountry "AUT"]
[WhiteTeam "Tschaturanga Neubau"]
[BlackTeam "Styria Graz - Kl.Zeitung"]
[WhiteTeamCountry "AUT"]
[BlackTeamCountry "AUT"]

1. d4 Nf6 2. Nf3 e6 3. g3 b5 4. Bg2 Bb7 5. O-O Be7 6. a4 b4 7. c4 bxc3 8. bxc3
c5 9. Ba3 O-O 10. Nbd2 Na6 11. Re1 Rc8 12. Qb3 Rb8 13. Qc2 cxd4 14. Nxd4 Bxg2
15. Kxg2 Bxa3 16. Rxa3 Nc5 17. e4 Qc7 18. Nb5 Qc6 19. f3 a6 20. Nd4 Qb7 21. Rb1
Qc7 22. c4 Rxb1 23. Nxb1 Qe5 24. Nb3 Rc8 25. N1d2 h6 26. Nxc5 Qxc5 27. Qd3 d6
28. Qe3 Nd7 29. Qxc5 Nxc5 30. Kf2 a5 31. Ke3 Rb8 32. e5 dxe5 33. Ne4 Nb3 34.
Nd6 Rb4 35. Kd3 Nc5+ 36. Kc3 Kf8 37. f4 Nxa4+ 38. Kd3 exf4 39. gxf4 Ke7 40. Ne4
Nb2+ 0-1

[Event "AUT_chT"]
[Site "2005/2006"]
[Date "2006.01.13"]
[Round "5"]
[White "Kleiser, Gregor"]
[Black "Brestian, Egon"]
[Result "1/2-1/2"]
[WhiteElo "2263"]
[BlackElo "2399"]
[PlyCount "71"]
[EventDate "2005.10.??"]
[EventType "team"]
[EventRounds "11"]
[EventCountry "AUT"]
[WhiteTeam "Tschaturanga Neubau"]
[BlackTeam "Styria Graz - Kl.Zeitung"]
[WhiteTeamCountry "AUT"]
[BlackTeamCountry "AUT"]

1. d4 Nf6 2. c4 e6 3. Nc3 d5 4. cxd5 exd5 5. Bg5 c6 6. e3 Be7 7. Qc2 a5 8. Bd3
Na6 9. a3 h6 10. Bh4 Nc7 11. Nf3 Be6 12. O-O O-O 13. Ne5 Ng4 14. Bg3 Nxe5 15.
dxe5 f6 16. exf6 Bxf6 17. e4 Bxc3 18. Qxc3 dxe4 19. Bxe4 Nd5 20. Qc2 Qf6 21.
Rae1 Kh8 22. Re2 Bf5 23. Rfe1 Rae8 24. Qd2 Bxe4 25. Rxe4 Rxe4 26. Rxe4 Qg6 27.
f3 Re8 28. Be5 Nf6 29. Bxf6 Rxe4 30. fxe4 Qxf6 31. h3 Qe5 32. Qd7 Qxe4 33. Qxb7
Qe1+ 34. Kh2 Qe5+ 35. Kg1 Qe1+ 36. Kh2 1/2-1/2